Language Quiz

Random Language or Letter Quiz

Three Letter 'G' Words Quiz Stats

 Plays Quiz Updated Aug 26, 2017

Challenge
Share
Tweet
Embed
Score 0/47 Timer 05:00
2 Plays Today
Word % Correct
get
96.8%
gas
95.9%
gab
95.9%
gap
95.7%
gad
95.3%
gat
95%
gal
94.9%
gam
94.7%
got
94.6%
gar
93.9%
gem
93.5%
gag
93.4%
gan
93.3%
gay
93.3%
gin
93.1%
gel
92.3%
git
92.2%
god
90.9%
gen
90.8%
gun
90.2%
gut
89.9%
gib
89.6%
gob
89.4%
gip
89.2%
Word % Correct
gae
89.2%
gee
88.8%
ged
87.9%
gum
87.2%
gig
87%
gid
86.1%
gif
85.9%
gis
85.1%
gos
84.2%
gor
84%
gie
82.5%
goo
81.8%
gey
81.4%
guy
78.6%
gul
74.8%
goa
74.6%
guv
70.3%
gox
68.3%
gnu
52.8%
gym
52.3%
gyp
49.5%
ghi
43.1%
grr
21.6%

You're not logged in!

Compare scores with friends on all Sporcle quizzes.
OR
Log In

You Might Also Like...

Show Comments

Extras

Top Quizzes Today


Score Distribution

Your Account Isn't Verified!

In order to create a playlist on Sporcle, you need to verify the email address you used during registration. Go to your Sporcle Settings to finish the process.

Report this User

Report this user for behavior that violates our Community Guidelines.

Details: